Представление документа в формате RUSMARC

ПолеНазваниеЗначение
  Тип записи a
  Библиографический уровень a
001 Контрольный номер RU/CBS_UL/BASE/55a3a0cffbd34001ac3d4ce067d7881d
005 Дата корректировки 20260413153525.5
100 Данные общей обработки __
a Данные общей обработки 20260413 ||| 0rusy0189 ca
101 Язык документа 0_
a Язык текста rus
102 Страна публикации __
a Страна публикации RU
200 Заглавие и сведения об ответственности 1_
a Заглавие Сваха в законе
e Сведения, относящиеся к заглавию [свахи в купеческой Руси, их деятельность, традиции]
f Первые сведения об ответственности Е. Каро
300 Общие примечания __
a Общие примечания 16+
461 Уровень набора _0
1 2000
a Дарья. Биография
463 Уровень физической единицы _0
1 2000
a № 3
v С. 28 : ил.
1 2101
d 2026
1 001RU/CBS_UL/BASE/8a545d0a4e7c449cbd5f34bb5f136998
606 Тематические рубрики 0_
a Основная рубрика Купечество - Россия - Быт и нравы
610 Ключевые слова 0_
a Ключевые слова история русская, купечество, купеческий быт, сватовство, свахи, купеческие традиции
686 Индексы других классификаций __
2 Код системы rubbk
a Классификационный индекс 63.3(2)5-282.4
700 Автор _1
a Фамилия Каро
b Имя (инициалы) Е.
801 Источник записи _0
a Страна RU
b Организация МБУК ЦБС г. Ульяновска
c Дата составления 20260413
g Правила каталогизации RCR
801 Источник записи _1
a Страна RU
b Организация МБУК ЦБС г. Ульяновска
c Дата составления 20260413
g Правила каталогизации RCR
901 Тип документа __
t Тип документа b
w Контрольный № источника RU/CBS_UL/BASE/8a545d0a4e7c449cbd5f34bb5f136998
909 Создатель записи __
a Создатель записи lib1